00431nam a2200169Ia 4500003000400000005001700004008004100021040000700062041002100069082001500090100002000105245005900125260002000184300001600204650002000220650002100240OSt20230113102642.0210719s1859 xx 000 0 und d cAL aEnglish/ Kannada a494.5 HODE aHODSON (Thomas) aElementary grammar of the Kannada or Canarese language aBangalorec1859 avii,107bHB aKannada Grammar aKannada Language